| 000 | 01170nam a2200349 i 4500 | ||
|---|---|---|---|
| 001 | bg | ||
| 003 | BPK | ||
| 005 | 20210917085716.0 | ||
| 008 | 010104s2001 pl f f |001 0 pol | ||
| 015 | _aPB 2001/163 | ||
| 020 | _a832081295X | ||
| 040 |
_aWA N _cBPK |
||
| 041 | 1 |
_apol _heng |
|
| 080 | _a005 | ||
| 080 | _a(075.8) | ||
| 100 | 1 |
_aStoner, James Arthur Finch _d(1935- ) _eAutor |
|
| 245 | 1 | 0 |
_aKierowanie / _cJames A. F. Stoner, R. Edward Freeman, Daniel R. Gilbert jr ; przekł. Andrzej Ehrlich. |
| 246 | 1 |
_iTyt. oryg.: _aManagement, _f1986. |
|
| 250 | _aWyd. 2 zm. | ||
| 260 |
_aWarszawa : _bPolskie Wydaw. Ekonomiczne, _c2001. |
||
| 300 |
_a656 s. ; _c26 cm. |
||
| 504 | _aIndeks. | ||
| 655 | 4 | _aPodręczniki akademickie | |
| 650 | 4 | _aOrganizacja | |
| 650 | 4 | _aZarządzanie | |
| 700 | 1 |
_aFreeman, R. Edward _d(1951- ) |
|
| 700 | 1 |
_aGilbert, Daniel R. _d(1952- ) |
|
| 700 | 1 |
_aEhrlich, Andrzej _eTłumaczenie |
|
| 710 | 2 |
_aPolskie Wydawnictwo Ekonomiczne _4pbl. |
|
| 942 |
_2UKD _cKS |
||
| 856 |
_uhttp://koha.tu.koszalin.pl/cgi-bin/koha/opac-detail.pl?biblionumber=52353 _yKatalog online BPK |
||
| 999 |
_c52353 _d52353 |
||